| 000 | 00793nam a2200229 a 4500 | ||
|---|---|---|---|
| 001 | 000022885 | ||
| 005 | 20200930021845.0 | ||
| 008 | 101122s1964 ag 000 0 spa d | ||
| 041 | 1 | 7 |
_aspa _heng _2Código de idiomas MARC |
| 082 |
_a928.73 _bW317S |
||
| 100 | 1 |
_aSeton, Anya. _947037 |
|
| 240 | 1 | 0 |
_aWashington Irving. _lEspañol |
| 245 | 1 | 0 |
_aWashington Irving / _cAnya Seton ; ilustración L. Vosburgh ; traducción Nélida Dora Barberá. |
| 260 |
_aBuenos Aires : _bPlaza & Janes ; _bArgentina, _c1964. |
||
| 300 |
_a143 p. : _bil. ; _c17 cm. |
||
| 534 |
_aTítulo original : _tWashington Irving |
||
| 600 | 1 | 0 |
_aWASHINGTON, IRWING, _d1783-1859 _947038 |
| 700 | 1 |
_aDora Barberá, Nélida Dora, _etr. _947039 |
|
| 700 | 1 |
_aVosburgh, L., _eill. _947040 |
|
| 049 | _aBNGR | ||
| 999 |
_c22382 _d22382 |
||
| 040 | _aDO-SdBNP | ||